000 00376nam a2200157Ia 4500
003 OSt
008 191201s2011 xx 000 0 und d
082 _a658.5
_bSHI
100 _aSHANKAR, Ravi
245 0 _aIndustrial Engineering and Management
250 _aRep
260 _aNew Delhi
_bGalgatia Pub. Pvt
_c2011
300 _a826
650 _aM.Tech (ME)
942 _2ddc
_cBK
999 _c5112
_d5112